Wszystkie miasta poniżej 10k mieszkańców w podlaskim - Statystyki

Ogólne statystyki
  • Ten quiz został rozwiązany 32 razy
  • Średni wynik to 19 z 26
Statystyki odpowiedzi
Powiat Miasto % Poprawnych
sejneński Sejny
100%
bielski Brańsk
81%
białostocki Czarna Białostocka
81%
moniecki Mońki
81%
wysokomazowiecki Czyżew
78%
sokólski Dąbrowa Białostocka
78%
białostocki Michałowo
78%
białostocki Supraśl
78%
białostocki Suraż
78%
wysokomazowiecki Szepietowo
78%
białostocki Choroszcz
74%
wysokomazowiecki Ciechanowiec
74%
sokólski Suchowola
74%
wysokomazowiecki Wysokie Mazowieckie
74%
grajewski Rajgród
70%
białostocki Zabłudów
70%
łomżyński Jedwabne
67%
sokólski Krynki
67%
łomżyński Nowogród
67%
grajewski Szczuczyn
67%
białostocki Tykocin
67%
hajnowski Kleszczele
63%
moniecki Knyszyn
63%
kolneński Stawiski
63%
moniecki Goniądz
59%
augustowski Lipsk
59%
Nie znaleziono quizów pasujących do podanych kryteriów
Rozkład punktacji
Procent ludzi z każdym wynikiem
Percentyl według liczby udzielonych odpowiedzi
Twoja historia wyników
Nie rozwiązałeś tego quizu